Návrh fotovoltickej elektrárne pre vybranú aplikáciu
Uložené v:
| Hlavný autor: | |
|---|---|
| Ďalší autori: | |
| Médium: | Rukopis Kniha |
| Jazyk: | Slovak |
| Vydavateľské údaje: |
Bratislava :
STU v Bratislave FEI,
2021
|
| Predmet: | |
| On-line prístup: | https://opac.crzp.sk/?fn=detailBiblioForm&sid=CF9E62B1F4156FE3B9280A84D7C8&seo=CRZP-detail-kniha |
| Tagy: |
Žiadne tagy, Buďte prvý, kto otaguje tento záznam!
|
MARC
| LEADER | 00000ntm a22000003a 4500 | ||
|---|---|---|---|
| 001 | stuzp82712 | ||
| 003 | SK-STU | ||
| 005 | 20210818102721.3 | ||
| 007 | ta | ||
| 008 | 150427s2015----xo-----f-mn---000-0-slo-d | ||
| 040 | |a STU |b slo | ||
| 041 | 0 | |a slo | |
| 044 | |a xo | ||
| 100 | 1 | |a Klucha, Richard |u 032000 |4 aut |U FEI Fakulta elektrotechniky a informatiky |U FEI Fakulta elektrotechniky a informatiky |T FEI Ústav elektroenergetiky a aplikovanej elektrotechniky |X 100001 |U E020 |Y 548 |7 100001 | |
| 242 | 0 | 1 | |a Design of a photovoltaic power plant for a selected application |y eng |
| 245 | 1 | 0 | |a Návrh fotovoltickej elektrárne pre vybranú aplikáciu |
| 260 | |a Bratislava : |b STU v Bratislave FEI, |c 2021 | ||
| 300 | |a 79 s., príl. | ||
| 650 | 4 | |a slnečná energia |2 slo | |
| 650 | 4 | |a elektráreň |2 slo | |
| 650 | 4 | |a fotovoltika |2 slo | |
| 650 | 4 | |a photovoltaics |2 eng | |
| 650 | 4 | |a solar energy |2 eng | |
| 650 | 4 | |a power plant |2 eng | |
| 700 | 1 | |a Pípa, Marek |u 032000 |k Z1 |4 ths |U FEI Fakulta elektrotechniky a informatiky |U FEI Fakulta elektrotechniky a informatiky |T FEI Ústav elektroenergetiky a aplikovanej elektrotechniky |X 2666 |U E020 |Y 548 |7 A000002666 | |
| 856 | 4 | |u https://opac.crzp.sk/?fn=detailBiblioForm&sid=CF9E62B1F4156FE3B9280A84D7C8&seo=CRZP-detail-kniha | |